<?xml version="1.0" encoding="UTF-8"?><?xml-stylesheet type="text/xsl" href="static/style.xsl"?><OAI-PMH xmlns="http://www.openarchives.org/OAI/2.0/" xmlns:xsi="http://www.w3.org/2001/XMLSchema-instance" xsi:schemaLocation="http://www.openarchives.org/OAI/2.0/ http://www.openarchives.org/OAI/2.0/OAI-PMH.xsd"><responseDate>2026-04-17T06:39:59Z</responseDate><request verb="GetRecord" identifier="oai:www.recercat.cat:2099.1/13279" metadataPrefix="marc">https://recercat.cat/oai/request</request><GetRecord><record><header><identifier>oai:recercat.cat:2099.1/13279</identifier><datestamp>2025-07-23T05:55:16Z</datestamp><setSpec>com_2072_1033</setSpec><setSpec>col_2072_452951</setSpec></header><metadata><record xmlns="http://www.loc.gov/MARC21/slim" xmlns:dcterms="http://purl.org/dc/terms/" xmlns:xsi="http://www.w3.org/2001/XMLSchema-instance" xmlns:doc="http://www.lyncode.com/xoai" xsi:schemaLocation="http://www.loc.gov/MARC21/slim http://www.loc.gov/standards/marcxml/schema/MARC21slim.xsd">
   <leader>00925njm 22002777a 4500</leader>
   <datafield ind2=" " ind1=" " tag="042">
      <subfield code="a">dc</subfield>
   </datafield>
   <datafield ind2=" " ind1=" " tag="720">
      <subfield code="a">Royo i Peña, Joan Pau</subfield>
      <subfield code="e">author</subfield>
   </datafield>
   <datafield ind2=" " ind1=" " tag="260">
      <subfield code="c">2011-06</subfield>
   </datafield>
   <datafield ind2=" " ind1=" " tag="520">
      <subfield code="a">El projecte que es descriu en aquesta memòria continua el treball elaborat en projectes&#xd;
anteriors, dirigit a desenvolupar i perfeccionar un sistema sense fil per a la detecció de tocats&#xd;
en la modalitat d’espasa per a l’esport de l’esgrima, amb la finalitat d’obtenir un sistema&#xd;
funcional, fiable i robust, que permeti la seva homologació i també comercialització.&#xd;
Aquest disseny sense fil amb comunicació per radiofreqüència, que se l’ha anomenat Wireless&#xd;
Fencing, permet l’eliminació dels actuals cables subjectats als esportistes i que priven de&#xd;
llibertat de moviments, tot simplificant la infraestructura actualment necessària i emprada&#xd;
quotidianament per a la pràctica de l’esgrima que resulta força cara en instal∙lar‐la i mantenirla,&#xd;
i convertir així un esport que fins ara era més aviat elitista i minoritari, a poder‐lo estendre i&#xd;
fer més accessible a un nombre més ampli de persones que hi puguin estar interessades en la&#xd;
seva pràctica.&#xd;
En el present projecte, s’incorpora un algorisme de supervisió que permet comprovar de&#xd;
manera constant l’estat dels dispositius sense fil fixats als tiradors (com se’ls anomena als&#xd;
esportistes en l’esgrima). Aquests dispositius anomenats dinàmics, tenen la principal missió&#xd;
d’enviar missatges dels tocats realitzats amb les espases a una consola central o dispositiu&#xd;
estàtic, que té el propòsit de senyalitzar aquests tocats.&#xd;
La supervisió dels dispositius dinàmics està centralitzada des del dispositiu estàtic. Aquest&#xd;
supervisa si els dinàmics estan operatius, si s’ha produït algun error en l’enviament d’un tocat,&#xd;
si es troben amb bateria baixa, i també s’ha implementat l’enviament de missatges de tocats&#xd;
no vàlids (ja que hi ha zones que no són vàlides segons el reglament de l’esgrima), que permet&#xd;
aportar més informació i tenir més control sobre la detecció i l’enviament de tots els tocats&#xd;
que es fan en general.&#xd;
També s’incorporen altres millores i funcionalitats destinades a millorar l’associació entre els&#xd;
dispositius estàtic i dinàmics, s’introdueixen noves característiques en la senyalització lumínica&#xd;
i acústica dels tocats i d’altres funcionalitats, fent possible la selecció d’un mode silenciós,&#xd;
també es tracta de fer més robust el sistema amb alguna millora en el maquinari, i es realitza&#xd;
un estudi i desenvolupament bàsic d’un protocol de seguretat per a ser perfeccionat i&#xd;
implementat en un futur.&#xd;
Es realitza un compendi de les especificacions de la Federació Internacional d’Esgrima, amb la&#xd;
finalitat de determinar les normatives sobretot que no es compleixen; també s’analitza el&#xd;
sistema, mitjançant un Anàlisis Modal de les Fallades i els seus Efectes (AMFE), per a descobrir&#xd;
els punts febles en el disseny i els seus potencials modes de fallada, i avaluar així les millores i&#xd;
funcionalitats a introduir, o contemplar les accions a prendre en futurs projectes.</subfield>
   </datafield>
   <datafield tag="653" ind2=" " ind1=" ">
      <subfield code="a">Àrees temàtiques de la UPC::Informàtica</subfield>
   </datafield>
   <datafield tag="653" ind2=" " ind1=" ">
      <subfield code="a">Algorithms</subfield>
   </datafield>
   <datafield tag="653" ind2=" " ind1=" ">
      <subfield code="a">Esgrima sense fil</subfield>
   </datafield>
   <datafield tag="653" ind2=" " ind1=" ">
      <subfield code="a">Unitat microcontrolador sense fil</subfield>
   </datafield>
   <datafield tag="653" ind2=" " ind1=" ">
      <subfield code="a">Xarxes sensors sense fil</subfield>
   </datafield>
   <datafield tag="653" ind2=" " ind1=" ">
      <subfield code="a">Algorisme supervisió</subfield>
   </datafield>
   <datafield tag="653" ind2=" " ind1=" ">
      <subfield code="a">Estàndard IEEE 802.15.4 / Zigbee</subfield>
   </datafield>
   <datafield tag="653" ind2=" " ind1=" ">
      <subfield code="a">Banda ISM 2.4 GHz</subfield>
   </datafield>
   <datafield tag="653" ind2=" " ind1=" ">
      <subfield code="a">Algorismes</subfield>
   </datafield>
   <datafield ind2="0" ind1="0" tag="245">
      <subfield code="a">Incorporació d'un algorisme de supervisió i altres millores a un sistema de detecció de tocats sense fil per a l'esport de l'esgrima</subfield>
   </datafield>
</record></metadata></record></GetRecord></OAI-PMH>